Self-Repellent Random Walks and Polymer Measures in Two Dimensions Dissertation
Enregistré dans:
| Format: | Livre |
|---|---|
| Langue: | anglais |
| Publié: |
Bochum
Ruhr-Universität
1985
|
| Édition: | 1. ed. |
| Tags: |
Pas de tags, Soyez le premier à ajouter un tag!
|
MARC
| LEADER | 00000nam a2200000 4500 | ||
|---|---|---|---|
| 001 | c039572 | ||
| 005 | 20221220082302.6 | ||
| 041 | 0 | |a eng | |
| 044 | |a DE | ||
| 245 | 1 | 0 | |a Self-Repellent Random Walks and Polymer Measures in Two Dimensions |b Dissertation |
| 250 | |a 1. ed. | ||
| 264 | 1 | |a Bochum |b Ruhr-Universität |c 1985 | |
| 300 | |a 144 s. | ||